Statistiques concernant A quoi correspond ce prénom en français ?

Cliquez ici pour prendre le quiz!

Statistiques générales

  • Ce quiz a été pris 164 fois
  • Le résultat moyen est 19 sur 49

Statistiques - réponses

LanguePrénomEn français% Correct
EspagnolAlanoAlain
76%
BretonFulupPhilippe
74%
EspagnolMiguelMichel
68%
ItalienMaddalenaMadeleine
67%
ItalienLuigiLouis
66%
DanoisPoulPaul
66%
PolonaisKrystynaChristine
65%
AnglaisLewisLouis
65%
EspagnolEnriqueHenri
61%
EspagnolJuanaJeanne
58%
GalloisDeiniolDaniel
55%
AllemandHeinrichHenri
55%
EspagnolRogelioRoger
55%
AnglaisSusanSuzanne
51%
TchèquePavelPaul
50%
IrlandaisSeanJean
48%
HongroisLujzaLouise
48%
FinnoisPaavoPaul
48%
RoumainIacobJacques
47%
NéerlandaisLodewijkLouis
47%
BretonPerPierre
47%
ItalienGiovannaJeanne
46%
AnglaisMargrettMarguerite
46%
LettonMiķelisMichel
46%
AnglaisFrancesFrançoise
45%
TurcMeryemMarie
43%
BasqueMaiaMarie
43%
AllemandHansJean
42%
RusseNatashaNathalie
42%
BretonKatellCatherine
40%
AnglaisNatilleNathalie
39%
AnglaisJamesJacques
38%
ItalienGiacomoJacques
37%
NorvégienRoarRoger
32%
PortugaisAdelinoAlain
30%
JaponaisKiasarinCatherine
23%
AllemandRupprechtRobert
18%
HongroisKolosClaude
16%
FinnoisVilppuPhilippe
15%
GalloisEvanJean
14%
AllemandKlausNicolas
12%
ProvençalMagaliMarguerite
11%
BretonLenaïcHélène
5%
SlovèneAlojzijaLouise
5%
GalloisGwladysClaude
3%
BretonYorickGeorges
3%
LituanienMikalojusNicolas
3%
LituanienTékléSuzanne
2%
IrlandaisSibéalIsabelle
1%

Distribution des résultats

Percentile par nombre de réponses

% des personnes avec chaque résultat

Votre développement - résultats

Vous n’avez pas pris ce quiz